header

Such freedom, if only musical (Record no. 4543)

MARC details
000 -LEADER
fixed length control field 01272nam a2200301Ia 4500
100 1# - MAIN ENTRY--AUTHOR NAME
Personal name Schmelz, Peter John.
245 10 - TITLE STATEMENT
Title Such freedom, if only musical
260 ## - PUBLICATION, DISTRIBUTION, ETC. (IMPRINT)
Place of publication Oxford ;
-- New York :
Name of publisher Oxford University Press,
Year of publication 2009.
300 ## - PHYSICAL DESCRIPTION
Number of Pages x, 392 p. :
Other physical details ill., music.
650 #0 - SUBJECT ADDED ENTRY--TOPICAL TERM
Topical Term Music
Topical Term Music
856 40 - ELECTRONIC LOCATION AND ACCESS
Uniform Resource Identifier http://site.ebrary.com/lib/rucke/Doc?id=10279503

No items available.

© 2026 Rongo University
Contact us: librarian | system librarian | Rongo university